International tourism (Record no. 6985)

MARC details
000 -LEADER
fixed length control field 00868 a2200217 4500
005 - DATE AND TIME OF LATEST TRANSACTION
control field 20080917112147.0
008 - FIXED-LENGTH DATA ELEMENTS--GENERAL INFORMATION
fixed length control field 080917t xxu||||| |||| 00| 0 eng d
010 ## - LCCN (DPL NO)
LC control number ENG-87786
020 ## - INTERNATIONAL STANDARD BOOK NUMBER
International Standard Book Number 8178801310
Terms of availability 650.00
035 ## - SYSTEM CONTROL NUMBER
System control number EN-71319
037 ## - SOURCE OF ACQUISITION
Source of stock number/acquisition DBAD / PUB
082 ## - DEWEY DECIMAL CLASSIFICATION NUMBER
Classification number 338.4791
100 ## - MAIN ENTRY--PERSONAL NAME
Personal name Pruthi, R.K.
245 ## - TITLE STATEMENT
Title International tourism
Remainder of title potentials measurement and prospects
Statement of responsibility, etc by R.K. Pruthi
260 ## - PUBLICATION, DISTRIBUTION, ETC. (IMPRINT)
Place of publication, distribution, etc New Delhi
Name of publisher, distributor, etc Rajat Publications
Date of publication, distribution, etc 2004
270 ## - ADDRESS
Address 4675/21, Ansari Road, Daryaganj
City New Delhi
Postal code 110 002
300 ## - PHYSICAL DESCRIPTION
Extent V, 340 p.
Dimensions 22 cm ( Hb.)
500 ## - GENERAL NOTE
General note Includes bibliograpgical references and index
942 ## - ADDED ENTRY ELEMENTS (KOHA)
Institution code [OBSOLETE] dpl
Item type English Books
Call number prefix 338.4791/PRU
Source of classification or shelving scheme Dewey Decimal Classification
Classification part 338.4791
Call number suffix PRU
Holdings
Withdrawn status Lost status Source of classification or shelving scheme Damaged status Not for loan Collection code Home library Current library Date acquired Cost, normal purchase price Total Checkouts Full call number Barcode Date last seen Copy number Cost, replacement price Koha item type
    Dewey Decimal Classification   Not For Loan Non-fiction D.B.Act.Division D.B.Act.Division 17/09/2008 650.00   338.4791 PRU EN-71319 15/09/2008 1 650.00 English Books

© Delhi Public Library
Hit Counter
free hit counter